Prieskumy na Spiši a v severnom Šariši

Bibliographic Details
Main Authors: Lukáč, Gabriel (archeológ) (Author), Roth, Peter (Author)
Format: Article
Language:Slovak
Subjects:

MARC

LEADER 00000nab a2200000 a 4500
001 vtls000487593
003 SK-MaSNL
005 20260305003249.0
008 140905c1992 xo 0 slo
015 |a SNBRA19rr/mm-uuuuu 
035 |a CL0487730 
040 |a SNKBUCL  |b slo  |c SNKBUCL  |e AACR2 
041 0 |a slo 
044 |a xo  |c SK 
080 |a 904"04/14":902  |2 1981 
080 |a 902  |2 1981 
100 1 |a Lukáč, Gabriel  |c (archeológ)  |4 aut  |9 177622 
245 1 0 |a Prieskumy na Spiši a v severnom Šariši  |c Gabriel Lukáč, Peter Roth 
300 |b Res. nem. 
650 0 7 |a stredovek  |2 snkbucl  |9 4259 
650 0 7 |a archeologické nálezy  |2 snkbucl  |9 4975 
651 7 |a Spiš (Slovensko : región)  |2 snkbucl  |9 17692 
655 7 |a články zo zborníkov  |2 snkbucl  |9 166140 
700 1 |a Roth, Peter  |4 aut  |9 9023 
773 0 |t Archeologické výskumy a nálezy na Slovensku v roku 1990  |d Nitra : AÚ SAV v Nitre, 1992  |g S. 70-71 
850 |a Slovenská národná knižnica v Martine  |a MTA001 
852 |a SNK  |b KIS3GCP 
958 |a RK 
992 |a RZB 
999 |c 3229521  |d 3231451